00752nam a2200217 a 4500001000900000005001700009008004100026041000800067044000700075050002400082100002400106245017200130260005000302300003100352500001100383500003900394504003100433650001100464650003700475650002200512BRL_147720190320211226.0141215s1994----ne-aob####---#000-0#ger-# ager ane 4aF1221.N3b.L49 19941 aLeyenaar, Ted J. J.10aIndianen van MexicobAzteken in ’t verleden, Nahua’s van heden : gids voor de materiële cultuur, speciaal kleding en aardewerk van de Nahua´scTh.J.J. Leyenaar. aLeidenbRijksmuseum voor Volkenkundec[1994?] a150 p.bil., mapasc24 cm. aAu1758 aIncluye dedicatoria a Ruth Lechuga aBibliografía: p. 127-13014aNahuas14aNahuasxVida social y costumbres14aAztecasxHistoria